[Event "Vlissingen HZ op 12th"]
[Site "Vlissingen"]
[Date "2008.08.06"]
[Round "6"]
[White "Ortiz, Nadya Karolina"]
[Black "Stange, Sven"]
[Result "1/2-1/2"]
[WhiteElo "2249"]
[BlackElo "2137"]
[PlyCount "96"]
[EventDate "2008.08.02"]
[EventType "swiss"]
[EventRounds "9"]
[EventCountry "NED"]
[SourceTitle "CBM 125 Extra"]
[Source "ChessBase"]
[SourceDate "2008.09.01"]
[SourceVersion "1"]
[SourceVersionDate "2008.09.01"]
[SourceQuality "1"]

1. e4 e5 2. Nf3 Nf6 3. Nxe5 d6 4. Nf3 Nxe4 5. Nc3 Nxc3 6. dxc3 Be7 7. Bf4 Nc6 8. Qd2 0-0 9. 0-0-0 Bf6 10. Bd3 Bg4 11. Rde1 Bxf3 12. gxf3 Ne5 13. Be4 c6 14. h4 Re8 15. Bg5 d5 16. Bd3 Qd6 17. Reg1 Nxd3+ 18. cxd3 Re6 19. d4 Rae8 20. Be3 Qd7 21. h5 Kf8 22. Qd3 g6 23. Rg3 Ke7 24. hxg6 hxg6 25. Rxg6 fxg6 26. Rh7+ Kd8 27. Rxd7+ Kxd7 28. Qxg6 Bxd4 29. Qf7+ R8e7 30. Qf5 Bxe3+ 31. fxe3 Kd8 32. Qf4 Rxe3 33. Qb8+ Kd7 34. Qxb7+ Kd6 35. Qb8+ Ke6 36. f4 Re2 37. a4 Rf2 38. Kb1 a5 39. Qb6 Rxf4 40. Qxc6+ Ke5 41. Qb5 Rh7 42. Qxa5 Rh2 43. Qb5 Rhh4 44. a5 Ra4 45. b3 Rh1+ 46. Kb2 Rh2+ 47. Kb1 Rh1+ 48. Kb2 Rh2+ 1/2-1/2

[Event "Vlissingen HZ op 12th"]
[Site "Vlissingen"]
[Date "2008.08.04"]
[Round "4"]
[White "Van Westerop, Sebastiaan"]
[Black "Stange, Sven"]
[Result "1/2-1/2"]
[WhiteElo "1952"]
[BlackElo "2137"]
[PlyCount "96"]
[EventDate "2008.08.02"]
[EventType "swiss"]
[EventRounds "9"]
[EventCountry "NED"]
[SourceTitle "CBM 125 Extra"]
[Source "ChessBase"]
[SourceDate "2008.09.01"]
[SourceVersion "1"]
[SourceVersionDate "2008.09.01"]
[SourceQuality "1"]

1. Nf3 Nf6 2. b3 d6 3. Bb2 e5 4. d3 g6 5. Nbd2 Bg7 6. Ne4 Nh5 7. Ng3 Nf6 8. e4 0-0 9. h4 Bg4 10. Be2 Nc6 11. Nh2 Bxe2 12. Qxe2 Nd4 13. Bxd4 exd4 14. h5 d5 15. hxg6 fxg6 16. 0-0-0 Qe7 17. Ng4 Qa3+ 18. Kb1 Rfe8 19. e5 Nxg4 20. Qxg4 Rxe5 21. f4 Re3 22. f5 Qd6 23. Rh3 Rae8 24. Qh4 h6 25. fxg6 Re1 26. Rh1 Rxd1+ 27. Rxd1 Qxg6 28. Rh1 Re5 29. Nh5 Qxg2 30. Nxg7 Qxg7 31. Qxh6 Re1+ 32. Kb2 Rxh1 33. Qxh1 Qe5 34. Qh3 Kf7 35. Qd7+ Kf6 36. Qa4 a6 37. Qa3 Ke6 38. Qf8 Kd7 39. Qf7+ Kc6 40. Qg6+ Kc5 41. a3 a5 42. Qf7 Kb6 43. Qf2 c6 44. Qh4 Kc5 45. Qf2 Kb5 46. Qf7 Ka6 47. Qf8 Qe1 48. Qc5 Qc3+ 1/2-1/2

[Event "Vlissingen HZ op 11th"]
[Site "Vlissingen"]
[Date "2007.08.08"]
[Round "6"]
[White "Stange, Sven"]
[Black "Roggeveen, Wouter"]
[Result "1-0"]
[WhiteElo "2144"]
[BlackElo "1941"]
[PlyCount "53"]
[EventDate "2007.08.04"]
[EventType "swiss"]
[EventRounds "9"]
[EventCountry "NED"]
[SourceTitle "CBM 119 Extra"]
[Source "ChessBase"]
[SourceDate "2007.09.04"]
[SourceVersion "1"]
[SourceVersionDate "2007.09.04"]
[SourceQuality "1"]

1. e4 e5 2. Nf3 Nc6 3. Bb5 g6 4. d4 exd4 5. Bg5 Be7 6. Bxe7 Qxe7 7. 0-0 Qb4 8. Bxc6 Qxb2 9. Bd5 Qxa1 10. c3 Ne7 11. Qxd4 0-0 12. Qd2 c6 13. Bb3 d5 14. exd5 Rd8 15. Na3 Qxf1+ 16. Kxf1 Be6 17. d6 Nf5 18. Bxe6 Rxd6 19. Bxf7+ Kxf7 20. Qc2 b5 21. g4 Ne7 22. Qe4 Nd5 23. Ne5+ Kg7 24. Nxc6 Rxc6 25. Qxd5 Rac8 26. Nxb5 Rc5 27. Qd4+ 1-0

[Event "Vlissingen HZ op 10th"]
[Site "Vlissingen"]
[Date "2006.08.06"]
[Round "2"]
[White "Stange, Sven"]
[Black "Ikonnikov, Vyacheslav"]
[Result "0-1"]
[WhiteElo "2153"]
[BlackElo "2587"]
[PlyCount "54"]
[EventDate "2006.08.05"]
[EventType "swiss"]
[EventRounds "9"]
[EventCountry "NED"]
[SourceTitle "CBM 113 Extra"]
[Source "ChessBase"]
[SourceDate "2006.09.14"]
[SourceVersion "1"]
[SourceVersionDate "2006.09.14"]
[SourceQuality "1"]

1. e4 c5 2. Nf3 Nc6 3. Nc3 Nf6 4. d4 cxd4 5. Nxd4 e5 6. Ndb5 d6 7. a4 a6 8. Na3 Be7 9. Bg5 Be6 10. Bc4 0-0 11. Bxf6 Bxf6 12. 0-0 Bg5 13. Bd5 Rc8 14. Nc4 Nb4 15. b3 Rc5 16. a5 Nxd5 17. exd5 Bf5 18. f3 Rc7 19. Ne4 Be7 20. Kh1 Bg6 21. g4 f5 22. gxf5 Rxf5 23. Ne3 Rh5 24. c4 Bg5 25. Nxg5 Qxg5 26. Qe2 Qf4 27. Nd1 Bd3 0-1